Catálogo

Oscar Wilde : (Registro nro. 40683)

Detalles MARC
000 -LEADER
fixed length control field 03713cam a2200901 i 4500
001 - CONTROL NUMBER
control field 40683
003 - CONTROL NUMBER IDENTIFIER
control field Mx-PuUPA
005 - DATE AND TIME OF LATEST TRANSACTION
control field 20250813115225.0
008 - FIXED-LENGTH DATA ELEMENTS--GENERAL INFORMATION
fixed length control field 140415s1991 mx a gr 001 0dspa d
020 ## - INTERNATIONAL STANDARD BOOK NUMBER
International Standard Book Number 9681901142
Qualifying information edición mexicana, Grandes Clásicos
040 ## - CATALOGING SOURCE
Transcribing agency Mx-PuUPA
Original cataloging agency Mx-PuUPA
Language of cataloging spa
Modifying agency Mx-PuUPA
Description conventions rda
041 1# - LANGUAGE CODE
Language code of text/sound track or separate title spa
Language code of original und
100 1# - MAIN ENTRY--PERSONAL NAME
Personal name Wilde, Oscar,
Dates associated with a name 1854-1900
9 (RLIN) 7752
Relator term autor
245 10 - TITLE STATEMENT
Title Oscar Wilde :
Remainder of title obras completas /
Statement of responsibility, etc. Oscar Wilde ; recopilación, traducción, prefacio y notas explicativas, Julio Gómez de la Serna
250 ## - EDITION STATEMENT
Edition statement Primera edición en México /
Remainder of edition statement noviembre
264 #1 - PRODUCTION, PUBLICATION, DISTRIBUTION, MANUFACTURE, AND COPYRIGHT NOTICE
Place of production, publication, distribution, manufacture México, D.F. :
Name of producer, publisher, distributor, manufacturer M. Aguilar Editor,
Date of production, publication, distribution, manufacture, or copyright notice 1991
300 ## - PHYSICAL DESCRIPTION
Extent 1319 páginas :
Other physical details ilustraciones (blanco y negro) ;
Dimensions 19 cm
336 ## - CONTENT TYPE
Fuente rdacontent
Content type term texto
Content type code txt
337 ## - MEDIA TYPE
Source rdamedia
Media type term sin medio
Media type code n
338 ## - CARRIER TYPE
Source rdacarrier
Carrier type term volumen
Carrier type code nc
490 0# - SERIES STATEMENT
Series statement Colección Grandes Clásicos
600 14 - SUBJECT ADDED ENTRY--PERSONAL NAME
Source of heading or term armarc
Personal name Wilde, Oscar
Dates associated with a name 1854-1900
Form subdivision Crítica e interpretación
650 #7 - SUBJECT ADDED ENTRY--TOPICAL TERM
Source of heading or term armarc
Topical term or geographic name entry element Cuentos ingleses
General subdivision
650 #7 - SUBJECT ADDED ENTRY--TOPICAL TERM
Source of heading or term armarc
Topical term or geographic name entry element Drama inglés
650 #7 - SUBJECT ADDED ENTRY--TOPICAL TERM
Source of heading or term armarc
Topical term or geographic name entry element Novela inglesa
650 #7 - SUBJECT ADDED ENTRY--TOPICAL TERM
Source of heading or term armarc
Topical term or geographic name entry element Prosa inglesa
655 #4 - INDEX TERM--GENRE/FORM
Genre/form data or focus term Novela inglesa
700 1# - ADDED ENTRY--PERSONAL NAME
Personal name Gómez de la Serna, Julio,
Relator term recopilador
-- traductor
-- autor de prefacio
-- autor de notas explicativas
700 12 - ADDED ENTRY--PERSONAL NAME
Personal name Wilde, Oscar,
Title of a work [The picture of Dorian Grey],
Language of a work Español
700 12 - ADDED ENTRY--PERSONAL NAME
Personal name Wilde, Oscar,
Title of a work [Lord Arthur Savile's Crime],
Language of a work Español
700 12 - ADDED ENTRY--PERSONAL NAME
Personal name Wilde, Oscar,
Title of a work [The portrait of Mr. W. H.],
Language of a work Español
700 12 - ADDED ENTRY--PERSONAL NAME
Personal name Wilde, Oscar,
Title of a work [The Canterville Ghost],
Language of a work Español
700 12 - ADDED ENTRY--PERSONAL NAME
Personal name Wilde, Oscar,
Title of a work [The orange peel],
Language of a work Español
700 12 - ADDED ENTRY--PERSONAL NAME
Personal name Wilde, Oscar,
Title of a work [Old Bishop],
Language of a work Español
700 12 - ADDED ENTRY--PERSONAL NAME
Personal name Wilde, Oscar,
Title of a work [A woman of no importance],
Language of a work Español
700 12 - ADDED ENTRY--PERSONAL NAME
Personal name Wilde, Oscar,
Title of a work [An ideal husband],
Language of a work Español
700 12 - ADDED ENTRY--PERSONAL NAME
Personal name Wilde, Oscar,
Title of a work [Lady Windermere's Fan],
Language of a work Español
700 12 - ADDED ENTRY--PERSONAL NAME
Personal name Wilde, Oscar,
Title of a work [The importance of being Earnest, a trivial comedy for serious people],
Language of a work Español
700 12 - ADDED ENTRY--PERSONAL NAME
Personal name Wilde, Oscar,
Title of a work [Vera; or, The Nihilists],
Language of a work Español
700 12 - ADDED ENTRY--PERSONAL NAME
Personal name Wilde, Oscar,
Title of a work [Salome],
Language of a work Español
700 12 - ADDED ENTRY--PERSONAL NAME
Personal name Wilde, Oscar,
Title of a work [A florentine tragedy],
Language of a work Español
700 12 - ADDED ENTRY--PERSONAL NAME
Personal name Wilde, Oscar,
Title of a work [The Duchess of Padua],
Language of a work Español
700 12 - ADDED ENTRY--PERSONAL NAME
Personal name Wilde, Oscar,
Title of a work [Ballad of Reading Gaol],
Language of a work Español
700 12 - ADDED ENTRY--PERSONAL NAME
Personal name Wilde, Oscar,
Title of a work [Poems in prose],
Language of a work Español
700 12 - ADDED ENTRY--PERSONAL NAME
Personal name Wilde, Oscar,
Title of a work [The Critic as Artist],
Language of a work Español
700 12 - ADDED ENTRY--PERSONAL NAME
Personal name Wilde, Oscar,
Title of a work [The decay of lying - an observation],
Language of a work Español
700 12 - ADDED ENTRY--PERSONAL NAME
Personal name Wilde, Oscar,
Title of a work [Pen, pencil and poison],
Language of a work Español
700 12 - ADDED ENTRY--PERSONAL NAME
Personal name Wilde, Oscar,
Title of a work [The truth of mask],
Language of a work Español
740 32 - ADDED ENTRY--UNCONTROLLED RELATED/ANALYTICAL TITLE
Uncontrolled related/analytical title El retrato de Dorian Grey
740 32 - ADDED ENTRY--UNCONTROLLED RELATED/ANALYTICAL TITLE
Uncontrolled related/analytical title El crimen de lord Arturo Savile
740 32 - ADDED ENTRY--UNCONTROLLED RELATED/ANALYTICAL TITLE
Uncontrolled related/analytical title El fantasma de Canterville
740 32 - ADDED ENTRY--UNCONTROLLED RELATED/ANALYTICAL TITLE
Uncontrolled related/analytical title La piel de naranja
740 32 - ADDED ENTRY--UNCONTROLLED RELATED/ANALYTICAL TITLE
Uncontrolled related/analytical title Old Bishop
740 32 - ADDED ENTRY--UNCONTROLLED RELATED/ANALYTICAL TITLE
Uncontrolled related/analytical title Una mujer sin importancia
740 32 - ADDED ENTRY--UNCONTROLLED RELATED/ANALYTICAL TITLE
Uncontrolled related/analytical title Un marido ideal
740 32 - ADDED ENTRY--UNCONTROLLED RELATED/ANALYTICAL TITLE
Uncontrolled related/analytical title El abanico de lady Windermere
740 32 - ADDED ENTRY--UNCONTROLLED RELATED/ANALYTICAL TITLE
Uncontrolled related/analytical title La importancia de llamarse Ernesto
740 32 - ADDED ENTRY--UNCONTROLLED RELATED/ANALYTICAL TITLE
Uncontrolled related/analytical title Vera o los nihilistas
740 32 - ADDED ENTRY--UNCONTROLLED RELATED/ANALYTICAL TITLE
Uncontrolled related/analytical title Salomé
740 32 - ADDED ENTRY--UNCONTROLLED RELATED/ANALYTICAL TITLE
Uncontrolled related/analytical title Una tragedia florentina
740 32 - ADDED ENTRY--UNCONTROLLED RELATED/ANALYTICAL TITLE
Uncontrolled related/analytical title La duquesa de Padua
740 32 - ADDED ENTRY--UNCONTROLLED RELATED/ANALYTICAL TITLE
Uncontrolled related/analytical title Fragmentos de obras
740 32 - ADDED ENTRY--UNCONTROLLED RELATED/ANALYTICAL TITLE
Uncontrolled related/analytical title Balada de la cárcel de Reading
740 32 - ADDED ENTRY--UNCONTROLLED RELATED/ANALYTICAL TITLE
Uncontrolled related/analytical title Poemas en prosa
740 32 - ADDED ENTRY--UNCONTROLLED RELATED/ANALYTICAL TITLE
Uncontrolled related/analytical title Otros poemas
740 32 - ADDED ENTRY--UNCONTROLLED RELATED/ANALYTICAL TITLE
Uncontrolled related/analytical title El crítico artista
740 32 - ADDED ENTRY--UNCONTROLLED RELATED/ANALYTICAL TITLE
Uncontrolled related/analytical title La decadencia de la mentira
740 32 - ADDED ENTRY--UNCONTROLLED RELATED/ANALYTICAL TITLE
Uncontrolled related/analytical title Pluma, lápiz y veneno
740 32 - ADDED ENTRY--UNCONTROLLED RELATED/ANALYTICAL TITLE
Uncontrolled related/analytical title La verdad de las máscaras
740 32 - ADDED ENTRY--UNCONTROLLED RELATED/ANALYTICAL TITLE
Uncontrolled related/analytical title Conferencias
740 32 - ADDED ENTRY--UNCONTROLLED RELATED/ANALYTICAL TITLE
Uncontrolled related/analytical title Artículos
740 32 - ADDED ENTRY--UNCONTROLLED RELATED/ANALYTICAL TITLE
Uncontrolled related/analytical title Páginas de autocrítica
942 ## - ADDED ENTRY ELEMENTS (KOHA)
Source of classification or shelving scheme Dewey Decimal Classification
Koha item type Libro
Classification part 828.809
Item part W6618
260 ## - PUBLICATION, DISTRIBUTION, ETC.
Place of publication, distribution, etc.
Name of publisher, distributor, etc.
Date of publication, distribution, etc.
Existencias
Withdrawn status Lost status Source of classification or shelving scheme Damaged status Not for loan Collection code Home library Current library Shelving location Date acquired Source of acquisition Cost, normal purchase price Total Checkouts Full call number Barcode Date last seen Cost, replacement price Price effective from Koha item type
    Dewey Decimal Classification     General Biblioteca Karol Wojtyla Biblioteca Karol Wojtyla Sala general 03/12/2013 Donación 0.00   828.809 W6618 1991 61334 05/01/2026 0.00 03/12/2013 Libro